Fr. Conceicao Rodrigues College of Engineering

Business data system (Record no. 23233)

MARC details
000 -LEADER
fixed length control field 00304nam a2200145Ia 4500
082 ## - DEWEY DECIMAL CLASSIFICATION NUMBER
Classification number 658.054
Item number CLI
100 ## - MAIN ENTRY--PERSONAL NAME
Personal name Clifton/H.D
245 ## - TITLE STATEMENT
Title Business data system
260 ## - PUBLICATION, DISTRIBUTION, ETC.
Name of publisher, distributor, etc. prentice hall
Place of publication, distribution, etc. New Jersey
Date of publication, distribution, etc. 1983
300 ## - PHYSICAL DESCRIPTION
Extent 387
546 ## - LANGUAGE NOTE
Language note ENGLISH
654 ## - SUBJECT ADDED ENTRY--FACETED TOPICAL TERMS
Focus term business
942 ## - ADDED ENTRY ELEMENTS (KOHA)
Koha item type BOOK
Holdings
Withdrawn status Lost status Damaged status Not for loan Collection Home library Current library Date acquired Cost, normal purchase price Total Checkouts Full call number Barcode Date last seen Cost, replacement price Price effective from Koha item type
        CRC Fr. Agnel's C.Rodrigues College of Engineering Fr. Agnel's C.Rodrigues College of Engineering 17/03/2023 75.00   658.054 CLI 1465 17/03/2023 75.00 17/03/2023 BOOK
        CRC Fr. Agnel's C.Rodrigues College of Engineering Fr. Agnel's C.Rodrigues College of Engineering 17/03/2023 55.00   658.054 CLI 1466 17/03/2023 55.00 17/03/2023 BOOK